| Tag |
First Indicator |
Second Indicator |
Subfields |
| LEADER |
00000cam a2200000 4500 |
| 001 |
in00001232721 |
| 005 |
20151003071206.0 |
| 008 |
740129s1973 nyu b 001 0 eng |
| 010 |
|
|
|a 73084361
|
| 020 |
|
|
|a 0809117932
|c $2.95
|
| 035 |
|
|
|a (OCoLC)00805145
|
| 035 |
|
|
|9 AGT3821AM
|
| 040 |
|
|
|a DLC
|c DLC
|d TXA
|d UtOrBLW
|
| 049 |
|
|
|a TXAM
|
| 050 |
0 |
0 |
|a BV228
|b .S76
|
| 082 |
0 |
|
|a 248/.3
|
| 090 |
|
|
|a BV228
|b .S76 1973
|
| 100 |
1 |
|
|a Stanley, David Michael,
|d 1914-
|
| 245 |
1 |
0 |
|a Boasting in the Lord ;
|b the phenomenon of prayer in Saint Paul /
|c by David M. Stanley.
|
| 264 |
|
1 |
|a New York :
|b Paulist Press,
|c [1973]
|
| 264 |
|
4 |
|c ©1973
|
| 300 |
|
|
|a vi, 192 pages ;
|c 21 cm.
|
| 336 |
|
|
|a text
|b txt
|2 rdacontent
|
| 337 |
|
|
|a unmediated
|b n
|2 rdamedia
|
| 338 |
|
|
|a volume
|b nc
|2 rdacarrier
|
| 504 |
|
|
|a Includes bibliographical references and index.
|
| 650 |
|
0 |
|a Prayer
|x Biblical teaching.
|
| 630 |
0 |
0 |
|a Bible.
|p Epistles of Paul
|x Criticism, interpretation, etc.
|
| 999 |
|
|
|a MARS
|
| 999 |
f |
f |
|s 77d0a012-1592-3450-808b-0a169c8155e1
|i aca35114-a64f-344a-aa32-ee232fdca09e
|t 0
|
| 952 |
f |
f |
|p ric
|a Texas A&M University
|b Rellis Campus
|c Joint Library Facility
|d Remote Storage
|t 0
|e BV228 .S76 1973
|h Library of Congress classification
|i unmediated -- volume
|m A14819357990
|
| 998 |
f |
f |
|a BV228 .S76 1973
|t 0
|l Remote Storage
|